LEADER 02036nam0 2200433 i 450 001 VAN00123388 005 20240806100813.445 017 70$2N$a9783319428130 100 $a20190919d2017 |0itac50 ba 101 $aeng 102 $aCH 105 $a|||| ||||| 200 1 $aPositive operator semigroups$efrom finite to infinite dimensions$fAndrás Bátkai, Marjeta Kramar Fijav?, Abdelaziz Rhandi 210 $aCham$cBirkhauser$d2017 215 $aXVII, 364 p.$d24 cm 410 1$1001VAN00036604$12001 $aOperator theory: advances and applications$1210 $aBasel [etc.]$cBirkhäuser$d1979-$v257 500 1$3VAN00235882$aPositive operator semigroups$91560459 606 $a15B48$xPositive matrices and their generalizations; cones of matrices [MSC 2020]$3VANC019936$2MF 606 $a47B65$xPositive linear operators and order-bounded operators [MSC 2020]$3VANC022249$2MF 606 $a47D06$xOne-parameter semigroups and linear evolution equations [MSC 2020]$3VANC020305$2MF 610 $aAsymptotic Behaviour$9KW:K 610 $aEvolution equations$9KW:K 610 $aMatrix theory$9KW:K 610 $aOperator semigroups$9KW:K 610 $aPerron-Frobenius theory$9KW:K 610 $aPositivity$9KW:K 620 $aCH$dCham$3VANL001889 700 1$aBátkai$bAndrás$3VANV088964$0766764 701 1$aKramar Fijav?$bMarjeta$3VANV094790$0766765 701 1$aRhandi$bAbdelaziz$3VANV094791$0734249 712 $aBirkhäuser $3VANV108193$4650 801 $aIT$bSOL$c20241115$gRICA 856 4 $uhttp://doi.org/10.1007/978-3-319-42813-0$zE-book ? Accesso al full-text attraverso riconoscimento IP di Ateneo, proxy e/o Shibboleth 899 $aBIBLIOTECA DEL DIPARTIMENTO DI MATEMATICA E FISICA$1IT-CE0120$2VAN08 912 $fN 912 $aVAN00123388 950 $aBIBLIOTECA DEL DIPARTIMENTO DI MATEMATICA E FISICA$d08DLOAD e-book 0846 $e08eMF846 20190919 996 $aPositive operator semigroups$91560459 997 $aUNICAMPANIA LEADER 02035nam0 2200457 i 450 001 VAN00125686 005 20250116023806.920 017 70$2N$a9789811060861 100 $a20191202d2018 |0itac50 ba 101 $aeng 102 $aSG 105 $a|||| ||||| 181 $ai$b e 182 $ab 183 $acr 200 1 $aPolymer Gels$eScience and Fundamentals$fVijay Kumar Thakur, Manju Kumari Thakur editors 210 $aSingapore$cSpringer$d2018 215 $aX, 492 p.$cill.$d24 cm 410 1$1001VAN00125687$12001 $aGels Horizons: From Science to Smart Materials$1210 $aSingapore$cSpringer$d2018- 620 $aSG$dSingapore$3VANL000061 676 $a540$cChimica generale$v22 676 $a615.19$cChimica farmaceutica. Tecnologia farmaceutica. Chimica medica$v22 676 $a620.192$cPolimeri$v22 676 $a610.28$cIngegneria biomedica. Biomateriali$v22 702 1$aThakur$bManju K.$3VANV096164 702 1$aThakur$bVijay K.$3VANV096163 712 $aSpringer $3VANV108073$4650 790 1$aThakur, Manju Kumari$zThakur, Manju K.$3VANV100171 790 1$aThakur, M. K.$zThakur, Manju K.$3VANV103648 790 1$aThakur, M.K.$zThakur, Manju K.$3VANV201060 790 1$aThakur, Vijay Kumar$zThakur, Vijay K.$3VANV100170 790 1$aThakur, V. K.$zThakur, Vijay K.$3VANV103650 790 1$aThakur, V.K.$zThakur, Vijay K.$3VANV201051 801 $aIT$bSOL$c20250725$gRICA 856 4 $uhttps://link.springer.com/book/10.1007/978-981-10-6086-1$zE-book - Accesso al full-text attraverso riconoscimento IP di Ateneo, proxy e/o Shibboleth 899 $aBIBLIOTECA DEL DIPARTIMENTO DI SCIENZE E TECNOLOGIE AMBIENTALI BIOLOGICHE E FARMACEUTICHE$1IT-CE0101$2VAN17 912 $fN 912 $aVAN00125686 950 $aBIBLIOTECA DEL DIPARTIMENTO DI SCIENZE E TECNOLOGIE AMBIENTALI BIOLOGICHE E FARMACEUTICHE$d17CONS e-book 2112 $e17BIB2112/253 253 20191202 996 $aPolymer Gels$91568112 997 $aUNICAMPANIA